Potentialités des jardins botaniques villageois dan la conservation des plantes utilisées en médécine traditionnelle vétérinaire dans les communes de Pehunco et Sinendé au Nord du Bénin (Record no. 46605)
[ view plain ]
| 000 -LEADER | |
|---|---|
| fixed length control field | 00679nam a22001817a 4500 |
| 003 - CONTROL NUMBER IDENTIFIER | |
| control field | 0 |
| 005 - DATE AND TIME OF LATEST TRANSACTION | |
| control field | 20160609165231.0 |
| 008 - FIXED-LENGTH DATA ELEMENTS--GENERAL INFORMATION | |
| fixed length control field | 091204t xxu||||| |||| 00| 0 eng d |
| 037 ## - SOURCE OF ACQUISITION | |
| Stock number | M15347 |
| Source of stock number/acquisition | BIBLIO -EPAC |
| 040 ## - SOURCE DU CATALOGAGE | |
| Original cataloging agency | UAC-EPAC |
| Language of cataloging | F |
| Transcribing agency | EPAC |
| 082 ## - DEWEY DECIMAL CLASSIFICATION NUMBER | |
| Classification number | 27.APE/AHO |
| 100 ## - VEDETTE PRINCIPALE - NOM DE PERSONNE | |
| Personal name | Houéfa Mardyle Fresnelle AHOUANGBENON |
| 9 (RLIN) | 2411 |
| 245 ## - TITLE STATEMENT | |
| Title | Potentialités des jardins botaniques villageois dan la conservation des plantes utilisées en médécine traditionnelle vétérinaire dans les communes de Pehunco et Sinendé au Nord du Bénin |
| 260 ## - PUBLICATION, DISTRIBUTION, ETC. (IMPRINT) | |
| Place of publication, distribution, etc | UAC-EPAC |
| Name of publisher, distributor, etc | BIBLIO-EPAC |
| Date of publication, distribution, etc | 2007-2008 |
| 300 ## - PHYSICAL DESCRIPTION | |
| Extent | I-57p |
| Dimensions | 29cm |
| 650 ## - SUBJECT ADDED ENTRY--TOPICAL TERM | |
| Topical term or geographic name as entry element | AMENAGEMENT PROTECTION ENVIRONNEMENT |
| 9 (RLIN) | 2412 |
| 942 ## - ADDED ENTRY ELEMENTS (KOHA) | |
| Koha item type | Thèse et Memoire |
| Withdrawn status | Lost status | Damaged status | Not for loan | Location (home branch) | Sublocation or collection (holding branch) | Date acquired | Source of acquisition | Koha issues (times borrowed) | Koha full call number | Piece designation (barcode) | Koha date last seen | Copy number | Price effective from | Koha item type | Public note |
|---|---|---|---|---|---|---|---|---|---|---|---|---|---|---|---|
| Bibliothèque Ecole Polytechnique d'Abomey-Calavi | Bibliothèque Ecole Polytechnique d'Abomey-Calavi | 04/12/2009 | Don | 27.APE/AHO | M15347 | 04/12/2009 | 3 | 04/12/2009 | Thèse et Memoire | 3 Exemplaires dont un exclu du prêt | |||||
| Bibliothèque Ecole Polytechnique d'Abomey-Calavi | Bibliothèque Ecole Polytechnique d'Abomey-Calavi | 24/12/2010 | Dépot légal | 27.ABM/AHO | M16467EPAC | 24/12/2010 | 2 | 24/12/2010 | Thèse et Memoire | ||||||
| Bibliothèque Ecole Polytechnique d'Abomey-Calavi | Bibliothèque Ecole Polytechnique d'Abomey-Calavi | 24/12/2010 | Dépot légal | 27.ABM/AHO | M16468EPAC | 24/12/2010 | 3 | 24/12/2010 | Thèse et Memoire |